00386 a2200121 4500001001000000005001700010008004100027245003400068100002500102700002900127773009100156999001700247ART_6265220260410162057.0260409a 10aEn memoria del Papa Francisco1 aBorinsky, Mariano H.1 aSchurjin Almenar, Daniel0 tTemas de derecho penal y procesal penalg- Año 7, N° 5/6 (mayo/jun. 2025)wREV60798 c36382d36382